000
00312nam a2200121 4500
999
_c
11277
_d
11277
003
OSt
005
20230216174932.0
008
230216b ||||| |||| 00| 0 eng d
100
_a
Joseph E Kenney
245
_a
Blueprint reading for the building trades
260
_b
The maple press company/York.PA
942
_2
ddc